000 00306nam a2200145Ia 4500
100 _aKuznotsov/D
650 _aChemistry
942 _cBK
654 _aEngineering
245 _aChemical Engineering
260 _bMir Publishers
_aMoscow
_c1969
082 _a660.2
300 _a328
546 _aENGLISH
999 _c29899
_d29899